书目信息 |
| 题名: |
企业腾飞的翅膀
|
|
| 作者: | 薛劲松 著 | |
| 分册: | ||
| 出版信息: | 沈阳 辽宁科学技术出版社 2009.04 |
|
| 页数: | 152页 | |
| 开本: | 20cm | |
| 丛书名: | 当代青少年科普文库 | |
| 单 册: | ||
| 中图分类: | TH166 | |
| 科图分类: | ||
| 主题词: | 计算机集成制造--青年读物 , 计算机集成制造 | |
| 电子资源: | ||
| ISBN: | 978-7-5381-2593-1 | |
| 000 | 01014oam2 2200313 450 | |
| 001 | 002348333 | |
| 005 | 20030708170527.0 | |
| 010 | @a978-7-5381-2593-1@dCNY23.50 | |
| 010 | @a7-5304-2635-4 | |
| 100 | @a20030410d2009 demy0chiy0110 ea | |
| 101 | 0 | @achi |
| 102 | @aCN@b210000 | |
| 105 | @ay z 000yy | |
| 106 | @ar | |
| 200 | 1 | @a企业腾飞的翅膀@Aqi ye teng fei de chi bang@e制造自动化@f薛劲松著 |
| 205 | @a2版 | |
| 210 | @a沈阳@c辽宁科学技术出版社@d2009.04 | |
| 215 | @a152页@d20cm | |
| 225 | 2 | @a当代青少年科普文库 |
| 330 | @a本书概括介绍了制造业的发展历程及自动化技术的作用,分析了国内制造业的竞争形势及所面临的机遇与挑战,介绍了现有的用于制造业的各种自动化技术成果。 | |
| 461 | 0 | @12001 @a当代青少年科普文库 |
| 517 | 1 | @a制造自动化@Azhi zao zi dong hua |
| 606 | 0 | @a计算机集成制造@j青年读物 |
| 606 | 0 | @a计算机集成制造 |
| 690 | @aTH166@v4 | |
| 701 | 0 | @a薛劲松@Axue jin song@f(1938.8~)@4著 |
| 801 | 0 | @aCN@bJiuFeng@c20030709 |
| 905 | @aBZT@dTH166@e1@f10 | |
| 906 | @dCNY23.50@n0@r1 | |
| 企业腾飞的翅膀:制造自动化/薛劲松著.-2版.-沈阳:辽宁科学技术出版社,2009.04 |
| 152页;20cm.-(当代青少年科普文库) |
| ISBN 978-7-5381-2593-1:CNY23.50 |
| 本书概括介绍了制造业的发展历程及自动化技术的作用,分析了国内制造业的竞争形势及所面临的机遇与挑战,介绍了现有的用于制造业的各种自动化技术成果。 |
| ● |
| 相关链接 |
|
|
|
正题名:企业腾飞的翅膀
索取号:TH166/1
 
预约/预借
| 序号 | 登录号 | 条形码 | 馆藏地/架位号 | 状态 | 备注 |
| 1 | 740900 | 2000740900 | 中心书库中库/ 中库030架A面7列7层40/ [索取号:TH166/1] | 在馆 | |
| 2 | 740901 | 2000740901 | 中心书库中库/ 中库030架A面7列7层37/ [索取号:TH166/1] | 在馆 | |
| 3 | 740902 | 2000740902 | 中心书库中库/ 中库030架A面7列7层38/ [索取号:TH166/1] | 在馆 | |
| 4 | 740903 | 2000740903 | 中心书库中库/ 中库030架A面7列7层35/ [索取号:TH166/1] | 在馆 | |
| 5 | 740904 | 2000740904 | 中心书库中库/ 中库030架A面7列7层43/ [索取号:TH166/1] | 在馆 | |
| 6 | 740905 | 2000740905 | 中心书库中库/ 中库030架A面7列7层39/ [索取号:TH166/1] | 在馆 | |
| 7 | 740906 | 2000740906 | 中心书库中库/ 中库030架A面7列7层41/ [索取号:TH166/1] | 在馆 | |
| 8 | 740907 | 2000740907 | 中心书库中库/ 中库030架A面7列7层34/ [索取号:TH166/1] | 在馆 | |
| 9 | 740908 | 2000740908 | 中心书库中库/ 中库030架A面7列7层36/ [索取号:TH166/1] | 在馆 | |
| 10 | 740909 | 2000740909 | 中心书库中库/ 中库030架A面7列7层42/ [索取号:TH166/1] | 在馆 |